LEADER 02214nam a2200445 a 4500
001 44209
003 BD-DhAAL
005 20250311113155.0
008 250304t2009 bg b 000 0 eng
010 |a  2010319047 
020 |a 9789843310415 
025 |a B-E-2010-319047; 22-91 
037 |b Library of Congress -- New Delhi Overseas Office  |c Tk250.00 
040 |a DLC  |c DLC  |d DLC  |d BD-DhAAL 
042 |a lcode  |a pcc 
043 |a a-bg--- 
050 0 0 |a HF1421  |b .R34 2009 
082 |a 382.3095492  |2 22 
100 1 |a Rahman, Kazi Mahmudur.  |9 57889 
245 1 0 |a Aid for trade :  |b needs assessment from Bangladesh perspective /  |c Kazi Mahmudur Rahman, Suparna Hasan, Hasanuzzaman. 
260 |a Dhaka :  |b Centre for Policy Dialogue,  |c 2009. 
300 |a xv, 168 pages ;  |c 25 cm. 
490 0 |a CPD research monograph ;  |v 3 
500 |a "Particularly in view of the Aid for Trade (AfT) initiative of the World Trade Organization"--Preface. 
504 |a Includes bibliographical references. 
541 |a Complimentary copy from The Centre for Policy Dialogue (CPD)   |e 44209, 44210 
610 2 0 |a World Trade Organization. 
650 0 |a Trade adjustment assistance  |z Bangladesh.  |9 57890 
650 0 |a Economic assistance  |z Bangladesh. 
651 0 |a Bangladesh  |x Commercial policy. 
651 0 |a Bangladesh  |x Foreign economic relations. 
651 0 |a Bangladesh  |x Commercial policy  |v Statistics.  |9 46772 
700 1 |a Hasan, Suparna.  |9 57891 
700 0 |a Hasanuzzaman,  |d 1984-  |9 57892 
710 2 |a Centre for Policy Dialogue (Bangladesh) 
830 |a CPD research monograph ;  |v 3  |9 57893 
942 |2 ddc  |c BK 
999 |c 47254  |d 47254 
952 |0 0  |1 0  |2 ddc  |4 0  |6 382_309549200000000_RAH  |7 0  |9 77442  |a BRACUL  |b BRACUL  |c GEN  |d 2025-03-04  |e Complimentary copy from The Centre for Policy Dialogue (CPD)  |g 250.00  |l 0  |o 382.3095492 RAH  |p 3010044209  |r 2025-03-04  |t 1  |w 2025-03-04  |y BK  |x Complimentary copy from The Centre for Policy Dialogue (CPD) 
952 |0 0  |1 0  |2 ddc  |4 0  |6 382_309549200000000_RAH  |7 0  |9 77443  |a BRACUL  |b BRACUL  |c GEN  |d 2025-03-04  |e Complimentary copy from The Centre for Policy Dialogue (CPD)  |g 250.00  |l 0  |o 382.3095492 RAH  |p 3010044210  |r 2025-03-04  |t 2  |w 2025-03-04  |y BK  |x Complimentary copy from The Centre for Policy Dialogue (CPD)